Dallas Mavericks All-Time Starting 5 - Statistics

General Stats
  • This quiz has been taken 338 times
  • The average score is 3 of 7
Answer Stats
Position Player % Correct
PF Dirk Nowitzki
100%
6th Man Steve Nash
66%
C Tyson Chandler
48%
SG Rolando Blackman
32%
Coach Rick Carlisle
31%
SF Mark Aguirre
26%
PG Derek Harper
19%
No matching quizzes found
Score Distribution
Percent of People with Each Score
Percentile by Number Answered
Your Score History
You have not taken this quiz